Top 50 Músicas Rafa - All Time - Statistics

General Stats
  • This quiz has been taken 3 times
  • The average score is 18 of 50
Answer Stats
Posição Artista Scrobbles Answer % Correct
#18 Camila Cabello 78 Shameless
100%
#19 Lady Gaga 77 Abracadabra
67%
#44 Jade 53 Angel of My Dreams
67%
#31 Camila Cabello 62 Don't Go Yet
67%
#42 Bad Bunny 53 DtMF
67%
#28 Jade 63 FUFN
67%
#13 Chappell Roan 86 Good Luck, Babe!
67%
#2 Camila Cabello 154 HE KNOWS
67%
#1 Camila Cabello 180 I LUV IT
67%
#48 Tate McRae 52 It's ok I'm ok
67%
#12 Billie Eilish 87 L'AMOUR DE MA VIE
67%
#25 Zara Larsson 64 Midnight Sun
67%
#43 Camila Cabello 53 Never Be The Same
67%
#21 Bad Bunny 69 NUEVAYoL
67%
#6 Tate McRae 105 Sports Car
67%
#34 Sofi Tukker 60 Throw Some Ass
67%
#20 Dua Lipa 73 Training Season
67%
#33 Charli XCX 60 Von dutch
67%
#3 Ariana Grande 145 we can't be friends
67%
#49 Camila Cabello 51 baby pink
33%
#16 Camila Cabello 80 B.O.A.T.
33%
#11 Billie Eilish 87 CHIHIRO
33%
#5 Kali Uchis 115 Dame Beso
33%
#7 Camila Cabello 100 DREAM-GIRLS
33%
#40 Addison Rae 54 Fame is a Gun
33%
#14 Jade 84 Fantasy
33%
#35 Charli XCX 59 Guess
33%
#4 Camila Cabello 121 June Gloom
33%
#39 Jade 55 Midnight Cowboy
33%
#50 Jade 51 Plastic Box
33%
#30 Tate McRae 63 Revolving door
33%
#29 Kali Uchis 63 Te Mata
33%
#24 Lady Gaga 66 Vanish Into You
33%
#23 Sofi Tukker 68 Woof
33%
#9 Ariana Grande 93 yes, and?
33%
#41 Bad Bunny 54 BAILE INoLVIDABLE
0%
#38 Ariana Grande 55 bye
0%
#26 Camila Cabello 64 can friends kiss?
0%
#15 Camila Cabello 83 Dade County Dreaming
0%
#27 Kali Uchis 64 Diosa
0%
#8 Camila Cabello 99 HOT UPTOWN
0%
#22 Kali Uchis 68 Igual Que Un Ángel
0%
#17 Ariana Grande 79 intro (end of the world)
0%
#32 Kali Uchis 62 Labios Mordidos
0%
#45 Taylor Swift 53 Lavender Haze
0%
#37 Adam Port 55 Move
0%
#10 Camila Cabello 91 pretty when i cry
0%
#47 Karol G 52 Si Antes Te Hubiera Conocido
0%
#46 Ariana Grande 52 the boy is mine
0%
#36 Mahmood 58 TUTA GOLD
0%
No matching quizzes found
Score Distribution
Percent of People with Each Score
Percentile by Number Answered
Your Score History
You have not taken this quiz